000 00628nam a2200193Ia 4500
003 GCL
008 140319s9999 xx 000 0 ara d
040 _aGCL /
_cGCL
082 0 4 _a953.5
_bص ا
100 1 _aصلاح العقاد
245 1 0 _aالاستعمار فى الخليج الفارسى /
_cصلاح العقاد
300 _a266 ص
490 _aالالف كتاب
_v0
650 0 4 _aالامارات العربية المتحدة
650 0 4 _aعمان - الخليج العربى
650 0 4 _aالسعودية - الاستعمار الاوربى
650 0 4 _aتاريخ - البترول
942 _2ddc
_cBK
999 _c45657
_d45657